Catalog

Record Details

Catalog Search



Privacy-Preserving Machine Learning for Speech Processing Cover Image E-book E-book

Privacy-Preserving Machine Learning for Speech Processing [electronic resource] / by Manas A. Pathak.

Pathak, Manas A. (author.). SpringerLink (Online service) (Added Author).

Electronic resources


LDR 01881nam a22004815i 4500
00125740
003CONS
00520130727035204.0
007cr nn 008mamaa
008121026s2013 xxu| s |||| 0|eng d
020 . ‡a9781461446392 ‡9978-1-4614-4639-2
0247 . ‡a10.1007/978-1-4614-4639-2 ‡2doi
035 . ‡a(DE-He213)978-1-4614-4639-2
050 4. ‡aTK5102.9
050 4. ‡aTA1637-1638
050 4. ‡aTK7882.S65
072 7. ‡aTTBM ‡2bicssc
072 7. ‡aUYS ‡2bicssc
072 7. ‡aTEC008000 ‡2bisacsh
072 7. ‡aCOM073000 ‡2bisacsh
1001 . ‡aPathak, Manas A. ‡eauthor.
24510. ‡aPrivacy-Preserving Machine Learning for Speech Processing ‡h[electronic resource] / ‡cby Manas A. Pathak.
264 1. ‡aNew York, NY : ‡bSpringer New York : ‡bImprint: Springer, ‡c2013.
300 . ‡aXVII, 141 p. 21 illus., 13 illus. in color. ‡bonline resource.
336 . ‡atext ‡btxt ‡2rdacontent
337 . ‡acomputer ‡bc ‡2rdamedia
338 . ‡aonline resource ‡bcr ‡2rdacarrier
347 . ‡atext file ‡bPDF ‡2rda
4901 . ‡aSpringer Theses, Recognizing Outstanding Ph.D. Research, ‡x2190-5053
650 0. ‡aEngineering.
650 0. ‡aData structures (Computer science).
650 0. ‡aTelecommunication.
650 0. ‡aProduction of electric energy or power.
65014. ‡aEngineering.
65024. ‡aSignal, Image and Speech Processing.
65024. ‡aCommunications Engineering, Networks.
65024. ‡aData Structures, Cryptology and Information Theory.
65024. ‡aPower Electronics, Electrical Machines and Networks.
7102 . ‡aSpringerLink (Online service)
7730 . ‡tSpringer eBooks
77608. ‡iPrinted edition: ‡z9781461446385
830 0. ‡aSpringer Theses, Recognizing Outstanding Ph.D. Research, ‡x2190-5053
85640. ‡uhttp://biblioteca.ipicyt.edu.mx:2048/login?url=http://dx.doi.org/10.1007/978-1-4614-4639-2 ‡yTexto completo ‡9CONS
950 . ‡aEngineering (Springer-11647)
901 . ‡a25740 ‡b ‡c25740 ‡tbiblio ‡sSystem Local

Additional Resources